| 000 | 00812nam a2200205 a 4500 | ||
|---|---|---|---|
| 001 | 000216730 | ||
| 003 | AM-YEHGA | ||
| 005 | 20250618071501.0 | ||
| 008 | 030408s2002 ai r 000 0 arm d | ||
| 020 | _a999307506X | ||
| 040 | _aAM-YeHGA | ||
| 090 | _aԳ-888 | ||
| 100 | 1 |
_aԳրիգորյան, Գնել Ստեփանի, _d1925-2008 _93921 |
|
| 245 | 1 | 0 |
_aՆվիրատվություններ Անիի եկեղեցիներին ու վանքերին (X-XIVդդ) / _cԳնել Գրիգորյան. |
| 260 |
_aԷջմիածին : _bՄայր Աթոռ Սուրբ Էջմիածին, _c2002. |
||
| 300 |
_a136 էջ : _bնկ. ; _c20 սմ. |
||
| 440 | 0 |
_aՄտնշ. «Հոգևոր գրադարան» _nԼԵ |
|
| 650 | 1 | 4 |
_aՀայ ժողովրդի պատմություն _zԱնի _xեկեղեցիներ _yX-XIVդդ |
| 090 | _c77196 | ||
| 999 |
_c75963 _d75963 |
||